000 00258nam a2200109Ia 4500
008 200302s9999 xx 000 0 und d
100 _aCoa
245 _aHandbook of Professional Documents
260 _bCouncil of Architecture
260 _c2011
300 _a282
999 _c3680
_d3680